Element Symbols 1-88 (minus 57-71) - Statistics

General Stats
  • This quiz has been taken 32 times
  • The average score is 55 of 60
Answer Stats
Symbol # Answer % Correct
Silver 47 Ag
100%
Chlorine 17 Cl
100%
Cobalt 27 Co
100%
Copper 29 Cu
100%
Hafnium 72 Hf
100%
Indium 49 In
100%
Iridium 77 Ir
100%
Potassium 19 K
100%
Niobium 41 Nb
100%
Neon 10 Ne
100%
Polonium 84 Po
100%
Radium 88 Ra
100%
Thallium 81 Tl
100%
Vanadium 23 V
100%
Xenon 54 Xe
100%
Yttrium 39 Y
100%
Oxygen 8 O
93%
Tantalum 73 Ta
93%
Aluminum 13 Al
92%
Argon 18 Ar
92%
Arsenic 33 As
92%
Astatine 85 At
92%
Gold 79 Au
92%
Boron 5 B
92%
Barium 56 Ba
92%
Bromine 35 Br
92%
Calcium 20 Ca
92%
Cesium 55 Cs
92%
Francium 87 Fr
92%
Gallium 31 Ga
92%
Hydrogen 1 H
92%
Helium 2 He
92%
Krypton 36 Kr
92%
Lithium 3 Li
92%
Molybdenum 42 Mo
92%
Sodium 11 Na
92%
Nickel 28 Ni
92%
Rubidium 37 Rb
92%
Rhenium 75 Re
92%
Ruthenium 44 Ru
92%
Scandium 21 Sc
92%
Tellurium 52 Te
92%
Zinc 30 Zn
92%
Zirconium 40 Zr
92%
Cadmium 48 Cd
91%
Palladium 46 Pd
91%
Platinum 78 Pt
91%
Radon 86 Rn
91%
Sulfur 16 S
91%
Strontium 38 Sr
91%
Carbon 6 C
90%
Chromium 24 Cr
90%
Fluorine 9 F
90%
Iron 26 Fe
90%
Osmium 76 Os
90%
Phosphorus 15 P
90%
Rhodium 45 Rh
90%
Silicon 14 Si
90%
Titanium 22 Ti
90%
Tungsten 74 W
90%
Beryllium 4 Be
88%
Iodine 53 I
86%
Nitrogen 7 N
86%
Magnesium 12 Mg
85%
Selenium 34 Se
85%
Bismuth 83 Bi
80%
Germanium 32 Ge
80%
Manganese 25 Mn
80%
Lead 82 Pb
80%
Mercury 80 Hg
75%
Technetium 43 Tc
75%
Tin 50 Sn
73%
Antimony 51 Sb
67%
No matching quizzes found
Score Distribution
Percent of People with Each Score
Percentile by Number Answered
Your Score History
You have not taken this quiz